000 00808nam a2200253 i 4500
001 C2-0314006
003 PPAK
005 20180728105706.0
008 111205s2005 my a|||| ||||| | zxx d
022 _a1394-4525
040 _aPPAK
_beng
_cPPAK
_erda
082 0 4 _a634.9
_223
090 0 0 _a634.9
_bMAL
_dR
110 2 _aMalaysia, Jabatan Perangkaan
245 0 0 _aPerangkaan perhutanan semenanjung Malaysia 2005
_bforestry statistics peninsular Malaysia 2005
264 1 _aKuala Lumpur :
_bJabatan Perangkaan Malaysia ,
_c2005
300 _axiv, 159 pages :
_bcolour illustrations ;
_c18 cm
336 _2rdacontent
_atext
337 _2rdamedia
_aunmediated
338 _2rdacarrier
_avolume
650 1 0 _aForestry surveys.
710 2 _aMalaysia, Jabatan Perangkaan
_eorganizer
942 _ddc
_cB
999 _c115563
_d115563